02125nkc a2200313za 450000100060000000300040000600500170001000700070002700800410003404000240007524501050009924600570020426000350026130000970029650003940039350003170078750000900110454400760119460000440127061000580131465100250137265500420139771000350143985200120147485601500148694200250163695201330166199900170179484584OSt20260423160606.0kh boc250410s1909 sp ||||| ||||||0| i|spa d cM-RABAaM-RABAbspa00aAlegoría del nacimiento del infante heredero del Tronoh[Material gráfico]c/ Cosme Velázquez  aAlegoría del nacimiento del infante Carlos Eusebio b[Hauser y Menet]c, [ca. 1909] a1 fotografíab: gelatina de plata c; imagen 19,5 x 11 cmc; soporte secundario 30 x 24 cm aFotografía del relieve "Alegoría del nacimiento del infante Carlos Eusebio", presentada al concurso trienal de premios de 1781. Se sabe que Velázquez obtuvo el primer premio y que se presentaron también Martín Gutiérrez y José Rodríguez Díaz. La Academia solo conserva este relieve con nº de inventario E-1781 y no se ha podido averiguar a cuál de los tres pertenece.  aMontada sobre un soporte secundario de cartón, con texto manuscrito a lápiz en la parte inferior al recto: "Alegoría del nacimiento del infante heredero del Trono. 1781-1ª clase. 1º premio D. Cosme Velázquez. 2º id. Martín Gutiérrez José Rodríguez". Nota manuscrita al verso a lápiz: "1781". aFecha probable de la realización de la fotografía realizada por Hauser y Menet.  aArchivo de la Real Academia de Bellas Artes de San Fernando (Le-4-29-1)10aVelázquez, Cosmed(1755-1837)911169124aReal Academia de Bellas Artes de San Fernando.975832 7aMadrid2embne975182 7aFotografías de obras de arte9756752 aHauser y Menet (Madrid)950978 jFot-610 3Fot-610uhttps://archivoybiblioteca.realacademiabellasartessanfernando.com/cgi-bin/koha/opac-retrieve-file.pl?id=8a527c7911b6f2c7e49705c890779074 2ddccFOTOGRAFÍAn0 00102ddc40708FOTOGRAFIAaRABASFbRABASFcDP2d2025-04-28l0oFot-610p1095467r2025-04-28 11:20:46w2025-04-28yFOTOGRAFÍA c84584d84584